000 00548nam a22001937a 4500
005 20230403145816.0
008 230403b ||||| |||| 00| 0 eng d
040 _cAL
041 _aEnglish
082 _223
_a531/202
_bSHRT
100 _aA Shridhar
_982711
245 _aText Book of Physics: For First Year Pre-University
260 _aMangalore
_bPrathibha Publications
_c1997
300 _aviii,373 p.
_bPB
_c22x14 cm.
650 _aPhysics
_982712
700 _aSHRIDHAR (A)
_982713
700 _aRAO (D Sudhakar)
_982714
942 _2ddc
_cDB
999 _c227135
_d227135